000 01149nam a2200277 a 4500
001 ebr10626262
003 CaPaEBR
006 m u
007 cr cn|||||||||
008 121129s2013 nju sb 001 0 eng d
020 _z9781118402306 (cloth)
020 _z9781118431962 (e-book)
040 _aCaPaEBR
_cCaPaEBR
035 _a(OCoLC)823728582
050 1 4 _aHF5415.13
_b.M53 2013eb
100 1 _aMiddleton, Daina.
245 1 0 _aMarketing in the participation age
_h[electronic resource] :
_ba guide to motivating people to join, share, take part, connect, and engage /
_cDaina Middleton.
260 _aHoboken, N.J. :
_bWiley,
_c2013.
300 _axvii, 205 p.
504 _aIncludes bibliographical references and index.
533 _aElectronic reproduction.
_bPalo Alto, Calif. :
_cebrary,
_d2011.
_nAvailable via World Wide Web.
_nAccess may be limited to ebrary affiliated libraries.
650 0 _aMarketing
_xManagement.
655 7 _aElectronic books.
_2local
710 2 _aebrary, Inc.
856 4 0 _uhttp://site.ebrary.com/lib/rucke/Doc?id=10626262
_zAn electronic book accessible through the World Wide Web; click to view
999 _c67564
_d67564